Arcanes majeures du tarot - Statistiques

Statistiques générales
  • Ce quiz a été pris 33 fois
  • Le résultat moyen est 12 sur 22
Statistiques - réponses
Hint Réponse % Correct
. le mat
83%
19 le soleil
83%
18 la lune
79%
13 l'arcane sans nom
79%
7 le chariot
67%
21 le monde
67%
15 le diable
63%
4 l'empereur
63%
2 la papesse
58%
8 la force
54%
1 le bateleur
54%
5 le pape
54%
12 le pendu
54%
11 la justice
50%
16 la maison dieu
50%
17 l'étoile
50%
3 l'imperatrice
50%
6 l'amoureux
38%
20 le jugement
38%
9 l'hermite
33%
10 la roue de fortune
25%
14 la tempérence
25%
Aucun quiz correspondant
Distribution des résultats
% des personnes avec chaque résultat
Percentile par nombre de réponses
Votre historique - résultats
Vous n’avez pas pris ce quiz